01422nam a2200373 a 450000100060000000300080000600500170001400800410003103500190007204000430009104100080013408200260014210000290016824500680019726000390026530000260030450000790033065000100040965000430041965000270046265000210048965000350051065000160054565000280056165100480058965100510063765100430068865100450073165100440077665100470082065100180086765100190088577601440090441948BD-RjUL20211209053455.0160608s1942 enk 000 0 eng  a(BD-RjUL)42066 aANLbengerdadANLd(BD-RjUL)cBD-RjUL aeng0 a940.531223bEIA 19421 aEinzig, Pauld1897-1973.10aAppeasement before, during and after the war /cby Paul Einzig. aLondon,bMacmillan and Co.,c1942. axii, 215 p. ;c22 cm. a"First edition, November 1941. Reprinted, with corrections, January 1942." 0aPeace 0aWorld War, 1939-1945xEconomic aspects 7aEconomic history2fast 7aEconomics.2fast 7aInternational relations.2fast 7aPeace2fast 7aPolitical science2fast 0aEuropexPolitics and governmenty1918-1945. 0aEuropexPolitics and governmenty20th Century. 0aGermanyxForeign relationsy1918-1945. 0aGermanyxForeign relationsy20th Century 0aEuropexEconomic conditionsy1918-1945. 0aEuropexEconomic conditionsy20th Century. 7aEurope.2fast 7aGermany.2fast08iOnline version:aEinzig, Paul, 1897-1973.tAppeasement before, during and after the war.dLondon, Macmillan and Co., 1942w(OCoLC)562262318